000 00308nam a22001097a 4500
008 160624b xxu||||| |||| 00| 0 eng d
100 _9961
_aJones, D,
245 _aThe Pronounciation of English
260 _aLon
_b Cambridge University Press
_c1963
300 _aThe Pronounciation of English
942 _2ddc
_cBK
999 _c766
_d766